Predaj prostredníctvom internetu
Rast významu internetovej prezentácie a predaja prostredníctvom internetu. Vlastná internetová stránka hotela. Spolupráca s internetovou cestovnou agentúrou - nepriamy on-line predaj. Priame a nepriame náklady súvisiace s nepriamym on-line predajom. Zmluva o spolupráci - na čo je potrebné v zmluvách...
Salvato in:
| Autore principale: | |
|---|---|
| Natura: | Capitolo di libro |
| Lingua: | slovacco |
| Soggetti: | |
| Tags: |
Nessun Tag, puoi essere il primo ad aggiungerne!!
|
MARC
| LEADER | 00000naa$a2200000$$$4500 | ||
|---|---|---|---|
| 001 | 0098553 | ||
| 005 | 20231011125328.1 | ||
| 041 | 0 | |a slo | |
| 044 | |a SK | ||
| 245 | 1 | 0 | |a Predaj prostredníctvom internetu |c Richard Mištík |
| 520 | |a Rast významu internetovej prezentácie a predaja prostredníctvom internetu. Vlastná internetová stránka hotela. Spolupráca s internetovou cestovnou agentúrou - nepriamy on-line predaj. Priame a nepriame náklady súvisiace s nepriamym on-line predajom. Zmluva o spolupráci - na čo je potrebné v zmluvách dávať pozor. Konkurencia. | ||
| 610 | 2 | 0 | |a ruch cestovný |
| 610 | 2 | 0 | |a hotely |
| 610 | 2 | 0 | |a zariadenia ubytovacie |
| 610 | 2 | 0 | |a predaj |
| 610 | 2 | 0 | |a internet |
| 610 | 2 | 0 | |a technológie informačné |
| 610 | 2 | 0 | |a technológie komunikačné |
| 610 | 2 | 0 | |a spolupráca podnikov |
| 610 | 2 | 0 | |a sprostredkovatelia |
| 610 | 2 | 0 | |a agentúry |
| 100 | 1 | |a Mištík, Richard | |